书目信息 |
| 题名: |
表面熔融凝固强化技术
|
|
| 作者: | 邹增大 , 曲仕尧 , 王新洪 编著 | |
| 分册: | ||
| 出版信息: | 北京 化学工业出版社 2005.07 |
|
| 页数: | 511页 | |
| 开本: | 21cm | |
| 丛书名: | 金属表面技术丛书 | |
| 单 册: | ||
| 中图分类: | TG174.442 | |
| 科图分类: | ||
| 主题词: | 热喷涂 , 金属表面清理 , 金属表面 | |
| 电子资源: | ||
| ISBN: | 7-5025-6976-6 | |
| 000 | 00904nam0 2200277 450 | |
| 001 | 0656386494 | |
| 005 | 20061010154358.00 | |
| 010 | @a7-5025-6976-6@dCNY 35.00 | |
| 100 | @a20060819d2005 km y0chiy0120 ea | |
| 101 | 0 | @achi |
| 102 | @aCN@b110000 | |
| 200 | 1 | @a表面熔融凝固强化技术@Abiao mian rong rong ning gu qiang hua ji shu@e热喷涂与堆焊技术@f王新洪,邹增大,曲仕尧编著@Fwang xin hong,zou zeng da,qu shi yao bian zhu |
| 210 | @a北京@c化学工业出版社@d2005.07 | |
| 215 | @a511页@d21cm | |
| 225 | 2 | @a金属表面技术丛书 |
| 410 | 0 | @12001 @a金属表面技术丛书 |
| 517 | 1 | @a热喷涂与堆焊技术@Are pen tu yu dui han ji shu |
| 606 | 0 | @a热喷涂 |
| 606 | 0 | @a金属表面清理 |
| 606 | 0 | @a金属表面 |
| 690 | @aTG174.442@v4 | |
| 701 | 0 | @a邹增大@Azou zeng da@4编著 |
| 701 | 0 | @a曲仕尧@Aqu shi yao@4编著 |
| 701 | 0 | @a王新洪@Awang xin hong@4编著 |
| 801 | @aCN@c20061010 | |
| 905 | @a10447@dTG174.442@eW392 | |
| 表面熔融凝固强化技术:热喷涂与堆焊技术/王新洪,邹增大,曲仕尧编著.-北京:化学工业出版社,2005.07 |
| 511页;21cm.-(金属表面技术丛书) |
| ISBN 7-5025-6976-6:CNY 35.00 |
| ● |
| 相关链接 |
|
|
|
正题名:表面熔融凝固强化技术
索取号:TG174.442/W392
 
预约/预借
| 序号 | 登录号 | 条形码 | 馆藏地/架位号 | 状态 | 备注 |
| 1 | 608838 | 206088384 | 自科库501/501自科库 25排3列3层/ [索取号:TG174.442/W392] | 在馆 | |
| 2 | 608839 | 206088393 | 自科库501/501自科库 25排3列3层/ [索取号:TG174.442/W392] | 在馆 | |
| 3 | 608840 | 206088400 | 期刊室512/501自科库 25排3列3层/ [索取号:TG174.442/W392] | 在馆 |